书目信息 |
| 题名: |
不惧
|
|
| 作者: | 铃木大拙 著 ;江月 译 | |
| 分册: | ||
| 出版信息: | 北京 团结出版社 2016 |
|
| 页数: | 241页 | |
| 开本: | 21cm | |
| 丛书名: | 铃木大拙说禅系列 | |
| 单 册: | ||
| 中图分类: | G131.3 | |
| 科图分类: | ||
| 主题词: | 文化研究--wen hua yan jiu--日本 | |
| 电子资源: | ||
| ISBN: | 978-7-5126-4145-7 | |
| 000 | 00914nam0 22002651 450 | |
| 001 | 387685 | |
| 005 | 20170502165517.0 | |
| 010 | @a978-7-5126-4145-7@b精装@dCNY38.00 | |
| 100 | @a20160812d2016 em y0chiy50 ea | |
| 101 | 1 | @achi@cjpn |
| 102 | @aCN@b110000 | |
| 105 | @aa z 000yy | |
| 106 | @ar | |
| 200 | 1 | @a不惧@9bu ju@f(日)铃木大拙著@g江月译 |
| 210 | @a北京@c团结出版社@d2016 | |
| 215 | @a241页@c图@d21cm | |
| 225 | 2 | @a铃木大拙说禅系列@9ling mu da zhuo shuo chan xi lie |
| 330 | @a本书包括说禅、禅与艺术、禅与武士道、禅和剑术、禅与儒学、禅与茶道、禅与俳句等内容,并附有武士塚原卜传故事二则和在禅中生活两个附录。 | |
| 461 | 0 | @12001 @a铃木大拙说禅系列 |
| 606 | 0 | @a文化研究@9wen hua yan jiu@y日本 |
| 690 | @aG131.3@v5 | |
| 701 | 0 | @c(日)@a铃木大拙@9ling mu da zhuo@f(1870~1966)@4著 |
| 702 | 0 | @a江月@9jiang yue@4译 |
| 801 | 0 | @aCN@b百万庄@c20170308 |
| 905 | @b1003366-71@dG131.3@e206@f6 | |
| 不惧/(日)铃木大拙著/江月译.-北京:团结出版社,2016 |
| 241页:图;21cm.-(铃木大拙说禅系列) |
| ISBN 978-7-5126-4145-7(精装):CNY38.00 |
| 本书包括说禅、禅与艺术、禅与武士道、禅和剑术、禅与儒学、禅与茶道、禅与俳句等内容,并附有武士塚原卜传故事二则和在禅中生活两个附录。 |
| ● |
| 相关链接 |
|
|
|
|
正题名:不惧
索取号:G131.3/206
 
预约/预借
| 序号 | 登录号 | 条形码 | 馆藏地/架位号 | 状态 | 备注 |
| 1 | 1003366 | 210033667 | 第一样本阅览室/ [索取号:G131.3/206] | 在馆 | |
| 2 | 1003367 | 210033676 | 教育系资料室/ [索取号:G131.3/206] | 在馆 | |
| 3 | 1003368 | 210033685 | 教育系资料室/ [索取号:G131.3/206] | 在馆 | |
| 4 | 1003369 | 210033694 | 教育系资料室/ [索取号:G131.3/206] | 在馆 | |
| 5 | 1003370 | 210033701 | 第四借阅区/ [索取号:G131.3/206] | 在馆 | |
| 6 | 1003371 | 210033710 | 第四借阅区/ [索取号:G131.3/206] | 在馆 |